000 00465nam a2200181Ia 4500
005 20250508154109.0
008 008 250505s9999 xx 000 0 eng d
037 _aTextual
040 _aFEDL
_beng
_cFEDL
041 _aeng
_2eng
084 _a375, GOO
_qFEDL
100 _aGoodlad John I
245 0 _aSchool curriculum reform in the United States
260 _c1964
300 _a95p.
942 _cTEXL
_h375, GOO
999 _c1347609
_d1347609